000 01571nam a2200433 c 4500
001 46305
003 ES-MaCES
005 20241122112815.0
008 150902s2015 sp |000 | spa d
017 _aM 21075-2015
_bDL
020 _a9788490970348
040 _aES-MaCES
_bspa
_cES-MaCES
100 1 _935963
_aGarcía Santacruz, María José
245 0 1 _a¿Por qué te vas?
_b: jóvenes españoles en Alemania
_cRocio Moldes Farelo, Fátima Gómez Sota (eds.) ; [autores], María José García Santacruz, Leticia Florez-Estrada Chassonuaud
260 _aMadrid
_bLos Libros de la Catarata
_c[2015]
300 _a143 p.
_bgráf., mapas, bl. y col.
_c24 cm
490 1 _aColección Investigación y debate
_v153
504 _aBibliografía: p. 141-143
541 _cCompra
650 4 _ajuventud
_928522
650 4 _aempleo de jóvenes
_929982
650 4 _acrisis económica
_927102
650 4 _aemigración
_928629
650 4 _aEspaña
_926964
650 4 _apaís de salida
_929798
650 4 _aAlemania
_926944
650 4 _apaís de acogida
_929799
650 4 _ared social
_930592
650 4 _acondiciones de vida
_927111
650 4 _atrabajador migrante
_928408
650 4 _aentrevista
_928852
653 1 0 _aAsuntos Sociales
700 1 _935965
_aMoldes Farelo, Rocío
_eed. lit.
700 1 _935964
_aGómez Sota, Fátima
_eed. lit.
710 1 _935966
_aFlorez-Estrada Chassonnaud, Leticia
830 0 _aColección Investigación y debate (Los Libros de la Catarata)
_v153
_934266
902 _aLIB Libro
942 _2CES
_cBK
_h3.3.
999 _c46305
_d46305